000 00281nam a2200121Ia 4500
008 190216s9999||||xx |||||||||||||| ||und||
100 _aGnedenko B V
245 0 _aTheory Of Probability
260 _bMir Pubs Moscow
_c1975
300 _a392p
650 _aMathematics
942 _cBK
999 _c31034
_d31034